| 000 | 00473nam a22001457a 4500 | ||
|---|---|---|---|
| 082 | _aBESE-1 ABD | ||
| 100 |
_aAbdul Haseeb Raja _993187 |
||
| 245 | _aEducational data mining over learning management system | ||
| 260 |
_aIslamabad _bNUST-SEECS _c2014 |
||
| 300 |
_a46 _b25cm _eCD ROM |
||
| 500 | _aSupervisors: Mr. Mujtaba Haider, Dr. Ali Mustafa Qamar | ||
| 700 |
_aMehnoor Fatima _993188 |
||
| 856 | _uhttp://10.250.8.41:8080/xmlui/handle/123456789/8353 | ||
| 942 |
_cPR _2ddc |
||
| 999 |
_c13055 _d13055 |
||